Obálka Náhled e-knihy:
PDF
Pro půjčování e-knih musíte být přihlášeni.
Jak si půjčit online?

Diktáty a testy pro 6. třídu /

Uloženo v:
Hlavní autor: Gazdíková, Vlasta (Autor)
Médium: E-kniha
Jazyk:Czech
Vydáno: V Brně : Edika, 2014
Vydání:1. vyd.
Témata:
Tagy:
Žádné tagy
LEADER 01975nam a2200517 a 4500
001 310817
003 CZ PrSKC
005 20260601215655.0
007 ta
008 140904s2014 xr a c 000 0 cze
015 |a cnb002616787 
020 |a 9788026605409  |q (brož.) 
035 |a (OCoLC)894845409 
040 |a BOA001  |b cze  |d ABA001 
072 7 |a 811.162.3  |x Čeština  |2 Konspekt 
072 7 |a 37.016  |x Učební osnovy. Vyučovací předměty. Učebnice  |2 Konspekt 
080 |a 811.162.3  |2 MRF 
080 |a 81'35  |2 MRF 
080 |a 81'36  |2 MRF 
080 |a 373.3.016  |2 MRF 
080 |a (076.3)  |2 MRF 
080 |a (079.1)  |2 MRF 
100 1 |a Gazdíková, Vlasta  |7 mzk2013746233  |4 aut 
245 1 0 |a Diktáty a testy pro 6. třídu /  |c Vlasta Gazdíková 
250 |a 1. vyd. 
260 |a V Brně :  |b Edika,  |c 2014 
300 |a 65 s. :  |b il. ;  |c 30 cm +  |e pracovní listy (10 l.) 
500 |a Obálkový podnázev: procvičení učiva z českého jazyka 
650 0 7 |a čeština  |7 ph135292  |2 czenas 
650 0 7 |a pravopis  |7 ph124564  |2 czenas 
650 0 7 |a mluvnice  |7 ph115331  |2 czenas 
650 0 7 |a učivo základních škol  |7 ph136701  |2 czenas 
650 0 9 |a Czech language  |2 eczenas 
650 0 9 |a orthography and spelling  |2 eczenas 
650 0 9 |a grammar  |2 eczenas 
650 0 9 |a elementary school curriculum  |2 eczenas 
655 7 |a diktáty a cvičení  |7 fd186920  |2 czenas 
655 7 |a testy  |7 fd133697  |2 czenas 
655 9 |a language exercises and dictations  |2 eczenas 
655 9 |a tests  |2 eczenas 
900 |a ABA001  |b 17 
928 9 |a Albatros Media - Edika 
044 |a xr 
910 |a RBIT002 
998 |d 174709  |a https://core.palmknihy.cz/api/books/174709/cover?idpdah  |b https://core.palmknihy.cz/api/books/174709/cover/400?r32rmn  |c https://core.palmknihy.cz/api/books/174709/cover/50?7nco01  |e 2083-11-26  |g 68  |i 9788026605409  |k https://core.palmknihy.cz/api/books/174709/preview.pdf  |l   |q 49  |r 1  |s https://www.palmknihy.cz/kniha/174709  |t ebook  |y 2017  |z 0 
999 |d 310815